The Great Gatsby / (Record no. 214668)

MARC details
000 -LEADER
fixed length control field 00513nam a22001817a 4500
005 - DATE AND TIME OF LATEST TRANSACTION
control field 20260204123018.0
010 ## - LCCN (DPL NO)
LC control number ENG-147736
020 ## - INTERNATIONAL STANDARD BOOK NUMBER
International Standard Book Number 9789380707969
Terms of availability 445.00
035 ## - SYSTEM CONTROL NUMBER
System control number EN-131268
037 ## - SOURCE OF ACQUISITION
Source of stock number/acquisition DBAD
082 ## - DEWEY DECIMAL CLASSIFICATION NUMBER
Classification number N
100 ## - MAIN ENTRY--PERSONAL NAME
Personal name Fitzgerald ,F .Scott
245 ## - TITLE STATEMENT
Title The Great Gatsby /
Statement of responsibility, etc by F . Scott Fitzgerald
260 ## - PUBLICATION, DISTRIBUTION, ETC. (IMPRINT)
Place of publication, distribution, etc New Delhi
Name of publisher, distributor, etc Global Vision Press
Date of publication, distribution, etc 2024
270 ## - ADDRESS
Address 4855/24 , Ansari Road , Daryaganj
City New Delhi
Postal code 110002
300 ## - PHYSICAL DESCRIPTION
Extent 132p.
Other physical details 22cm(HB)
942 ## - ADDED ENTRY ELEMENTS (KOHA)
Source of classification or shelving scheme Dewey Decimal Classification
Item type English Books
Classification part N
Call number suffix FIT
Holdings
Withdrawn status Lost status Not for loan Collection code Home library Current library Date acquired Source of acquisition Cost, normal purchase price Full call number Barcode Copy number Cost, replacement price Koha item type
      Fiction RC3 Aruna Nagar RC3 Aruna Nagar 03/02/2026 DBAD 445.00 N FIT EN-131268 1 445.00 English Books

© Delhi Public Library
Hit Counter
free hit counter